Geography Answer Chain Quiz #1 - Statistics

General Stats
  • This quiz has been taken 1,984 times
  • The average score is 15 of 20
Answer Stats
Hint Answer % Correct
Easternmost of the contiguous U.S. states (rhymes with the final answer). Maine
98%
Scandinavian country with entire west border along the above. Denmark
88%
State bordering the above. New Hampshire
87%
Country that can be accessed from the above by bridge. Sweden
87%
Country the above was a colony of. United Kingdom
86%
Second largest region in the above. Scotland
82%
Sea that the above borders. North Sea
81%
Capital of the above. Edinburgh
80%
European country with most speakers of the above. Spain
79%
Country with the same first 3 letters as the above. New Zealand
78%
Official language of the above. Spanish
75%
Example of the above that was parted in the Bible. Red Sea
74%
Major export that the above leads the world in. Oil
73%
South American country that is part of the above (either one). Ecuador/Venezuela
71%
Largest country that borders the above. Saudi Arabia
70%
Type of body of water that borders the above to the west. Sea
68%
Organization that consists of major exporters of the above (abbreviation). OPEC
59%
Island that contains the capital of the above. Zealand
49%
European country with the first word sounding similar to the above. Bosnia and Herzegovina
44%
Gulf to the east of the above. Gulf of Bothnia
40%
No matching quizzes found
Score Distribution
Percent of People with Each Score
Percentile by Number Answered
Your Score History
You have not taken this quiz